Karst management handbook for British Columbia

Bibliographic Details
Main Author: Bella, Pavel, 1962- (Author)
Format: Article
Language:Slovak
PhysicalDescription:Obr.
ISSN:1335-213X
Subjects:

MARC

LEADER 00000nab a2200000 a 4500
001 vtls010255767
003 SK-MaSNL
005 20260304233840.0
008 25050731c2007 xo o e slol
015 |a SNBRB2007/12 
035 |a SVKKK000087377 
035 |a urn:nbn:sk:snk-abf65v 
035 |a (urnnbn)urn:nbn:sk:snk:ar-001zbx 
035 |a (uuid)1fb48bf5-0044-47bc-bf39-835c8cf805fc 
038 |a SVKKK 
040 |a SNKBUCL  |b slo  |c SNKBUCL  |e AACR2 
041 0 |a slo 
044 |a xo  |c SK 
080 |a 551.44(048)  |2 1997 
100 1 |a Bella, Pavel,  |d 1962-  |4 aut  |9 251968 
245 1 0 |a Karst management handbook for British Columbia  |c Pavel Bella 
300 |b Obr. 
650 0 7 |a kras  |2 SNK  |9 24815 
650 0 7 |a manažment krajiny  |2 SNK  |9 123725 
651 7 |a Britská Kolumbia  |2 SNK  |9 49316 
773 0 |t Aragonit  |g Č. 12 (2007), s. 117-119  |x 1335-213X 
850 |a Slovenská národná knižnica 
852 |a Slovenská národná knižnica 
954 |a odborná, vedecká literatúra pôvodná (slovenská)  |2 lita 
958 |a article2022 
958 |a RC 
958 |a OND 
958 |a EUIPO 
999 |c 3200437  |d 3202367